Obálka Náhled e-knihy:
PDF Epub
Pro půjčování e-knih musíte být přihlášeni.
Jak si půjčit online?

Bez lásky /

Young adult román vypráví příběh beznadějné romantičky Georgie, která chce nástup na univerzitu využít k tomu, aby našla pravou lásku. Pochybuje však o tom, zda dokáže k někomu chovat opravdové city.

Uloženo v:
Hlavní autor: Oseman, Alice, 1994- (Autor)
Další autoři: Bičíková, Romana, 1986- (Autor), Bičíková, Zuzana (Překladatel)
Médium: E-kniha
Jazyk:Czech
Vydáno: V Praze : CooBoo, 2022
Vydání:1. vydání
Témata:
Tagy:
Žádné tagy
LEADER 02794nam a2200517 i 4500
001 311748
003 CZ PrSKC
005 20260601215711.0
007 ta
008 221125s2022 xr d 000 f cze
015 |a cnb003473347 
020 |a 9788076616424  |q (brožováno) :  |c Kč 449,00 
035 |a (OCoLC)1357138902 
040 |a ABG001  |b cze  |e rda 
041 1 |a cze  |h eng 
072 7 |a 821.111-3  |x Anglická próza, anglicky psaná  |2 Konspekt 
072 7 |a 821-93  |x Literatura pro děti a mládež (beletrie)  |2 Konspekt 
080 |a 821.111-31  |2 MRF 
080 |a 821-93  |2 MRF 
080 |a (0:82-31)-055.25  |2 MRF 
100 1 |a Oseman, Alice,  |d 1994-  |7 ola2014848980  |4 aut 
240 1 0 |a Loveless.  |l Česky 
245 1 0 |a Bez lásky /  |c Alice Osemanová ; přeložily Romana a Zuzana Bičíkovy 
250 |a 1. vydání 
264 1 |a V Praze :  |b CooBoo,  |c 2022 
300 |a 413 stran ;  |c 21 cm 
336 |a text  |b txt  |2 rdacontent 
337 |a bez média  |b n  |2 rdamedia 
338 |a svazek  |b nc  |2 rdacarrier 
500 |a Přeloženo z angličtiny 
504 |a Obsahuje bibliografické odkazy 
520 2 |a Young adult román vypráví příběh beznadějné romantičky Georgie, která chce nástup na univerzitu využít k tomu, aby našla pravou lásku. Pochybuje však o tom, zda dokáže k někomu chovat opravdové city.  |b Georgia ještě nikdy nebyla zamilovaná, jako správná romantička posedlá fanfikcemi ale věří, že tu pravou osobu jednou najde. Když se dostane na univerzitu, má k tomu skvělou příležitost. Jenže zatímco ostatním nedělají vztahy potíže, ona si neví rady. A s tím, jak se před ní vynořují dříve neznámá označení - asexuální, aromantická - si připadá čím dál nejistější. Opravdu je odsouzená k životu bez lásky? Nebo celou dobu hledá něco jiného, než by měla? Nakladatelská anotace. 
655 7 |a anglické romány  |7 fd131814  |2 czenas 
655 7 |a dívčí romány  |7 fd132186  |2 czenas 
655 7 |a publikace pro mládež  |7 fd133157  |2 czenas 
655 9 |a English fiction  |2 eczenas 
655 9 |a girls' novels  |2 eczenas 
655 9 |a juvenile literature  |2 eczenas 
700 1 |a Bičíková, Romana,  |d 1986-  |7 xx0161614  |4 trl 
700 1 |a Bičíková, Zuzana  |7 kv2016900435  |4 trl 
900 |a ABA001  |b 20 
928 9 |a Albatros Media - CooBoo 
044 |a xr 
910 |a RBIT002 
998 |d 363176  |a https://core.palmknihy.cz/api/books/363176/cover?si8fyb  |b https://core.palmknihy.cz/api/books/363176/cover/400?si8fyb  |c https://core.palmknihy.cz/api/books/363176/cover/50?si8fyb  |e 2027-04-11  |g 416  |i 9788076616424  |j https://core.palmknihy.cz/api/books/363176/preview.epub  |k https://core.palmknihy.cz/api/books/363176/preview.pdf  |l   |q 49  |r 1  |s https://www.palmknihy.cz/kniha/363176  |t ebook  |y 2022  |z 0 
999 |d 311746